English to Italian Click Quiz: Foods - Statistics

General Stats
  • This quiz has been taken 237 times
    236 since last reset
  • The average score is 20 of 30
Answer Stats
Hint Answer % Correct
pizza pizza
89%
chocolate cioccolato
86%
water acqua
85%
coffee caffè
85%
tomato pomodoro
81%
banana banana
80%
chicken pollo
80%
mushroom fungo
78%
salad insalata
77%
sandwich panino
75%
pineapple ananas
74%
fish pesce
73%
soup zuppa
71%
strawberry fragola
69%
grapefruit pompelmo
68%
peach pesca
66%
garlic aglio
65%
sugar zucchero
63%
orange arancia
62%
croissant cornetto
59%
cherry ciliegia
55%
juice succo
54%
shrimp gambero
53%
onion chipolla
52%
grape uva
52%
anchovy acciuga
51%
lobster aragosta
45%
pork maiale
43%
beef manzo
42%
watermelon anguria
33%
No matching quizzes found
Score Distribution
Percent of People with Each Score
Percentile by Number Answered
Your Score History
You have not taken this quiz since the last reset